Diccionario de la Universidad de Chicago Inglés - Español y Español - Inglés/ Carlos Castillo ; Otto F. Bond, compiladores

Uloženo v:
Podrobná bibliografie
Korporativní autor: University of Chicago
Médium: Kniha
Jazyk:Undetermined
Vydáno: Chicago, Estados Unidos Pocket Books 1987
Témata:
Tagy: Přidat tag
Žádné tagy, Buďte první, kdo vytvoří štítek k tomuto záznamu!

MARC

LEADER 00000nam a2200000Ia 4500
008 170316s9999 xx 000 0 und d
999 |c 14581  |d 14581 
020 |a 0-671-64853-5 
040 |a cru BVZT 
090 |a REF 
110 |a University of Chicago 
245 |a Diccionario de la Universidad de Chicago Inglés - Español y Español - Inglés/ Carlos Castillo ; Otto F. Bond, compiladores 
260 |a Chicago, Estados Unidos 
260 |b Pocket Books 
260 |c 1987 
300 |a 475 páginas 
650 |a REFERENCIA 2. DICCIONARIO INGLÉS-ESPAÑOL 3. DICCIONARIO ESPAÑOL-INGLÉS 4. PRONUNCIACIÓN 5. SUSTANTIVO 6. ADJETIVO 7. ADVERBIO 8. SUFIJOS COMÚNES 9. NÚMEROS 10. VERBOS IRREGULARES 
650 |a REFERENCIA  |9 27 
650 |a DICCIONARIO INGLÉS-ESPAÑOL 
650 |a DICCIONARIO ESPAÑOL-INGLÉS 
650 |a PRONUNCIACIÓN  |9 140 
650 |a SUSTANTIVO 
650 |a ADJETIVO 
650 |a ADVERBIO 
650 |a SUFIJOS COMÚNES 
650 |a NÚMEROS 
650 |a VERBOS IRREGULARES  |9 98 
942 |c REF  |2 z  |0 3